000 00387nam a2200169Ia 4500
003 0STCL
008 150530s9999 xx 000 0 und d
040 _aSTCL
_cSTCL
100 _aPalanichamy, S.
245 _aJournal of Ecobilogy Oct 2007
260 _bPalani Paramount
_c2007
300 _a0
546 _aEnglish
942 _2ddc
_cBK
999 _c21254
_d21254
005 20220125165916.0